| 000 | 02502nab a2200481 4500 | ||
|---|---|---|---|
| 003 | AR-RoUNA | ||
| 005 | 20251016103447.0 | ||
| 008 | 250703b1979 |||||||| |||| 00| 0 spa d | ||
| 040 |
_aAR-RoUNA _dAR-RoUNA _bspa |
||
| 041 | _aeng | ||
| 044 | _aag | ||
| 110 | 2 |
_aUNESCO (Organización de las Naciones Unidas para la Educación, la Ciencia y la Cultura) _927014 |
|
| 245 | 1 |
_aProgramme on Man and the Biosphere [MAB] _b: Regional planning meeting of the MAB National Committees of Andean countries, with particular attention to project 6. Final Report. |
|
| 246 |
_aPrograma sobre el Hombre y la Biosfera [MAB ]: _b Reunión de planificación regional de los Comités Nacionales MAB de los países andinos, con especial atención al proyecto 6. Informe final. |
||
| 260 |
_aParís (Francia) : _bOficina Regional de ciencia y Tecnologia de la UNESCO para América Latina y el Caribe (ROSTLAC), _c1977. |
||
| 300 |
_a37 p.: _bCuadros _c27x21 cm. |
||
| 490 |
_aPrograma sobre el Hombre y la Biosfera (MAB) _vv. 39 |
||
| 505 | 0 | _tINDICE | |
| 505 | 0 | _tSINOPSIS | |
| 505 | 0 | _t1. INTRODUCCION | |
| 505 | 0 | _t2. CONSIDERACIONES GENERALES | |
| 505 | 0 | _a2.1. Objetivos. p. 8 | |
| 505 | 0 | _a2.2. Énfasis en los ecosistemas de montaña y su relación con otros ecosistemas en la región Andina. p. 8 | |
| 505 | 0 | _t3. FUNCIONAMIENTO DE LOS COMITÉS NACIONALES MAB EN LA REGIÓN ANDINA, COMO INFORMACIÓN BÁSICA PARA LA INTEGRACIÓN DE PROYECTOS REGIONALES | |
| 505 | 0 | _a3.1. Organización y operación. p 10 | |
| 505 | 0 | _a3.2. Asignaturas nacionales de estudio. p. 12. | |
| 505 | 0 | _a3.3. Instituciones vinculadas con los Comités Nacionales del MAB. p. 17. | |
| 505 | 0 | _a3.4. Centros de formación e investigación ecológica de importancia regional en los países andinos. p. 24 | |
| 505 | 0 | _t4. COORDINACIÓN DE LAS ACTIVIDADES MAB EN LA REGIÓN ANDINA | |
| 505 | 0 | _a4.1. Comité de planificación regional y coordinación de los proyectos MAB en la región andina. p. 27 | |
| 505 | 0 | _a4.2. Investigación ecológica integrada propuesta. p. 28 | |
| 505 | 0 | _t5. CONCLUSIONES Y RECOMENDACIONES DE LA REUNION | |
| 505 | 0 | _tANEXO 1 | |
| 505 | 0 | _aLista de participantes. p. 32 | |
| 505 | 0 | _t ANEXO 2 | |
| 505 | 0 | _aPropuestas nacionales e intenciones de participar en proyectos MAB. p. 35 | |
| 650 | 4 | _aMedio ambiente | |
| 650 | 4 | _aEcología | |
| 908 | _aImp | ||
| 942 | _2udc | ||
| 945 | _d2025-07-03 | ||
| 980 |
_65 _aMaría Machado _85 _gMaría Machado |
||
| 999 |
_c12178 _d12178 |
||